000 01734nam a2200505 i 4500
001 45780
003 KOSZ 005
005 20240405063150.0
008 050112s2004 pl f |000 0 pol
015 _aPB 2005/486
020 _a8389073749
035 _a991025758559705066
035 _a(PL-WaBN)b17014359-48omnis_nlop
035 _ab17014359
035 _a(OCoLC)749540233
035 _a(PL)b0000001701435
035 _a(EXLNZ-48OMNIS_NETWORK)9910375884105606
040 _aWA N
_cWA N
_dKOSZ 005/HR
041 0 _apol
046 _k2004
080 _a352/353(438)"1989/..."
080 _a(07)
245 0 0 _aABC samorządu terytorialnego /
_cpod red. Agnieszki Korzeniowskiej ; [poszczeg. cz. oprac.] Maria Karlikowska [et al.].
260 _aBydgoszcz :
_b"Branta" ;
_aŁódź :
_bWyższa Szkoła Administracji Publicznej,
_c2004.
300 _a296 s. ;
_c24 cm.
336 _2rdacontent
_aTekst
_btxt
337 _2rdamedia
_aBez urządzenia pośredniczącego
_bn
338 _2rdacarrier
_aWolumin
_bnc
380 _aKsiążki
388 _a2001-
504 _aBibliogr. s. 290-294.
648 7 _a1901-2000
648 7 _a1989-2000
648 7 _a2001-
650 7 _aSamorząd terytorialny
_2DBN
651 7 _aPolska
655 7 _aPodręcznik
_2DBN
658 _aPolityka, politologia, administracja publiczna
700 1 _aKarlikowska, Maria
_eAutor
700 1 _aKorzeniowska-Polak, Agnieszka
_eRedakcja
710 2 _aAgencja Marketingowa, Oficyna Wydawnicza Branta
_4pbl
856 _uhttp://koha.tu.koszalin.pl/cgi-bin/koha/opac-detail.pl?biblionumber=45780
_yKatalog online BPK
942 _2UKD
_cKS
999 _c45780
_d45780